000 00796nam a22002057a 4500
999 _c1719
_d1719
003 AR-CdUCM
008 190227b ||||| |||| 00| 0 spa d
040 _aMUNICIPALIDAD PROVINCIAL DEL CUSCO
_cBIBLIOTECA MUNICIPAL DEL CUSCO
082 _23 ed.
_a343.68 /
_bB25
100 _aBartra Cavero, Jose
_96348
245 _aLicitaciones contrato de obra publica /
260 _aPerú :
_bEdit.Huallaga EIRL,
_c1995
300 _a560 paginas :
_c20 cm.
505 _aLicitación publica --Contrato de obra publica --Legislación nacional --Comentario de la parte general del reglamento único de licitaciones y contrato de obras publicas ...
650 _aLegislaciones
_96349
650 _ajurisprudencia
_9927
650 _aSector publico
_96350
942 _2ddc
_cLIBROS
945 _arjall
_d2019-02-27